000 00855na a2200289 4500
001 14861
003 MIRAKIL
005 20181213155021.0
008 161020b tu 000 0
035 _a14861
040 _aMilas
_btur
_cTR-AnCHP
041 _atur
082 _a828.354
_bM33r 1979
090 _a828.354 M33r 1979
100 _aMeeropol,Robert
_d1947-
245 _aRosenbergler
_cRobert ve Michael Meeropol;çevien Şemsa Yeğin
260 _aİstanbul
_bGözlem Yayınları
_c1979
300 _a303, 16 s.
_bres.
_c20 sm.
490 _aGözlem Aşama-Roman
_v1
600 _aRosenberg, Ethel
_d1915-1953
600 _aRosenberg, Julius
_d1918-1953.
650 _aİngiliz edebiyatı
_zABD
650 _aRosenbergler
_xYaşamöyküsü
_yRoman
700 _aYeğin, Şemsa
700 _aMeeropol, Michael
_d1943-
942 _2ddc
_cBKS
999 _c4899
_d4899